Statistics for Circular Cutouts from a U.S. Map

Click here to take the quiz!

General Stats

  • This quiz has been taken 64 times
  • The average score is 7 of 8

Answer Stats

Answer% Correct
Illinois | Indiana |
Michigan | Wisconsin
100%
Alaska
98%
Delaware | Maryland | New Jersey | Pennsylvania
95%
Idaho | Montana |
Oregon | Washington
95%
Louisiana | Mississippi
95%
North Carolina | South Carolina | Virginia
93%
Arizona | California | Nevada
84%
Iowa | Minnesota | Nebraska | South Dakota
76%

Score Distribution

Percentile by Number Answered

Percent of People with Each Score

Your Score History

You have not taken this quiz